|
|
|
|
| LEADER |
00000nta a2200000 i 4500 |
| 001 |
dolg4646 |
| 005 |
20160928090956.0 |
| 008 |
151214suuuu hu om 000 hun d |
| 040 |
|
|
|a BGE Dolgozattár Repozitórium
|b hun
|
| 041 |
|
|
|a hu
|
| 100 |
1 |
|
|a Oláh Bettina
|
| 245 |
1 |
0 |
|a L'activité télémarketing auprès d'une des plus grandes entreprises multinationales en Hongrie
|c Oláh Bettina
|h [elektronikus dokumentum]
|
| 246 |
1 |
1 |
|a Telemarketing tevékenység Magyarország egyik legnagyobb multinacionális vállalatánál
|
| 695 |
|
|
|a Telemarketing
|
| 695 |
|
|
|a Magyarország
|
| 700 |
1 |
|
|a Törökné dr. Szilágyi Dr. Katalin
|e ths
|
| 856 |
4 |
0 |
|u http://dolgozattar.uni-bge.hu/4646/1/SZAKDOLGOZAT%20K%C3%89SZ1.pdf
|z Dokumentum-elérés
|